|
|
|
|
| LEADER |
00000nas a2200000 a 4500 |
| 001 |
ssj0000046 |
| 003 |
WaSeSS |
| 005 |
20200512172242.0 |
| 006 |
m d |
| 007 |
cr n |
| 008 |
921019d19922005kyuqr p s 0 a0eng c |
| 010 |
|
|
|a 93648704
|z sn 92037634
|
| 015 |
|
|
|a 016627334
|2 dnb
|
| 016 |
7 |
|
|a 016627334
|2 DE-101
|
| 016 |
7 |
|
|a 1133694-8
|2 DE-600
|
| 016 |
7 |
|
|a 9886962
|2 DNLM
|
| 016 |
7 |
|
|a SR0076038
|2 DNLM
|
| 016 |
|
|
|a (AMICUS)000012370263
|
| 022 |
|
|
|l 1067-8530
|y 1067-8530
|
| 035 |
|
|
|a (WaSeSS)ssj0000046
|
| 037 |
|
|
|b Council of State Governments, Iron Works Pike, P.O. Box 11910, Lexington, KY 40578-1910
|
| 040 |
|
|
|a OHI
|b eng
|c OHI
|d PIT
|d HUL
|d IUL
|d HUL
|d WAU
|d NST
|d NSD
|d NST
|d DLC
|d COO
|d NST
|d GUA
|d MYG
|d NYG
|d DLC
|d NSD
|d DLC
|d EYM
|d NLM
|d SYS
|d OCLCQ
|d NOC
|d NYG
|d OCLCQ
|d DEBBG
|d GBVCP
|d CWS
|d OCLCQ
|d OCLCF
|d OCLCO
|d OCLCA
|d GILDS
|d OCLCO
|d NLC
|d WaSeSS
|
| 042 |
|
|
|a pcc
|a nsdp
|
| 043 |
|
|
|a n-us---
|
| 050 |
0 |
0 |
|a JK2403
|b .S7
|
| 082 |
0 |
0 |
|a 328.73
|2 19
|
| 130 |
0 |
|
|a Spectrum (Lexington, Ky.)
|
| 210 |
0 |
|
|a Spectrum
|b (Lexingt. Ky.)
|
| 222 |
|
0 |
|a Spectrum
|b (Lexington, Ky.)
|
| 245 |
1 |
0 |
|a Spectrum
|h [electronic resource] :
|b the journal of state government.
|
| 260 |
|
|
|a Lexington, KY :
|b Council of State Governments,
|c ©1992-©2005.
|
| 310 |
|
|
|a Quarterly
|
| 362 |
0 |
|
|a Vol. 65, no. 3 (summer 1992)-v. 78, no. 2 (spring 2005).
|
| 500 |
|
|
|a Title from cover.
|
| 506 |
|
|
|a License restrictions may limit access.
|
| 650 |
|
0 |
|a Legislative bodies
|z United States
|x States
|v Periodicals.
|
| 650 |
|
0 |
|a State governments
|z United States
|v Periodicals.
|
| 650 |
|
0 |
|a Legislative bodies
|z United States
|v Periodicals.
|
| 650 |
|
7 |
|a Regionalverwaltung.
|2 stw
|
| 650 |
|
7 |
|a Innenpolitik.
|2 stw
|
| 650 |
|
7 |
|a USA.
|2 stw
|
| 650 |
|
7 |
|a Politikwissenschaft.
|2 stw
|
| 650 |
|
7 |
|a Legislative bodies.
|2 fast
|0 (OCoLC)fst00995690
|
| 650 |
|
7 |
|a Legislative bodies
|x U.S. states.
|2 fast
|0 (OCoLC)fst00995757
|
| 650 |
|
7 |
|a State governments.
|2 fast
|0 (OCoLC)fst01131814
|
| 651 |
|
7 |
|a United States.
|2 fast
|0 (OCoLC)fst01204155
|
| 655 |
|
0 |
|a Electronic journals.
|
| 710 |
2 |
|
|a Council of State Governments.
|
| 780 |
0 |
0 |
|t Journal of state government
|x 1043-2248
|w (DLC) 86646887
|w (OCoLC)13775213
|
| 850 |
|
|
|a DLC
|a GU
|a InLP
|a InU
|a MCM
|a MH-Hi
|a MH-KG
|a MiEM
|a MiU
|a MiU-L
|a MoU
|a N
|a NIC
|a NSyU
|a PPiU
|a TU
|a ViW
|a WaU
|
| 853 |
2 |
0 |
|8 1
|a v.
|b no.
|u 4
|v r
|i (year)
|j (season)
|w q
|x 21
|
| 856 |
4 |
0 |
|z Full text available from Research Library: 01/01/2005 to 04/30/2005
|u https://search.proquest.com/publication/41185
|
| 863 |
4 |
0 |
|8 1
|a 65-78
|b 3-3
|i 1992-2005
|j 22-22
|